000
00185nam a22000977a 4500
003
SGT
245
_a
PHYSIOTHERAPY
260
_b
ELSEVIERS AMSTEST
_c
2009
300
_a
328
942
_2
ddc
_c
BV
999
_c
19557
_d
19557